00623nmm a2200217 a 4500003000900000005001700009008004100026040001300067100002100080245003500101250001200136260004200148300001100190500008000201650003000281650003200311650001300343650001900356650001500375653001500390AR-BaBNM20251128210652.0090120s1987 ||||||||||||||000 | spa|| cAR-BaBNM1 aBailey, Alice A.10aLa educación en la nueva era a3ª ed. aBuenos AiresbFundación Lucisc1987 a161 p. aEl presente ejemplar contiene dedicatoria de la autora al ministro J. Llach 4aFILOSOFIA DE LA EDUCACION 4aFINALIDADES DE LA EDUCACION 4aRELIGION 4aESPIRITUALISMO 4aMISTICISMO aESOTERISMO